| 000 | 00788nam a2200241 i 4500 | ||
|---|---|---|---|
| 001 | 13953 | ||
| 003 | ES-MaACL | ||
| 005 | 20240514122636.0 | ||
| 007 | t| | ||
| 008 | 980820s1997 sp ||||1| spa d | ||
| 020 | _a8489470324 | ||
| 080 | _a821.134.2-14"19" | ||
| 100 | 1 |
_aGonzález-Guerrero, Antonio. _958691 |
|
| 245 | 1 | 0 |
_aTomaré nuevamente la palabra / _cAntonio González-Guerrero. |
| 260 |
_aLeón : _bInstituo Leonés de Cultura, Diputación Provincial, _c1997. |
||
| 300 |
_a67 p. ; _c20 cm. |
||
| 490 | 1 |
_aProvincia : colección de poesía ; _v102 |
|
| 710 | 2 |
_aInstituto Leonés de Cultura. _95121 |
|
| 830 | 0 | 0 |
_aProvincia (León) ; _v102 _9236377 |
| 852 |
_aES-MaACL _jL-21252 _q. - Ded. autógr. del autor |
||
| 942 | _2udc | ||
| 999 |
_c13953 _d13953 |
||